Speeches of Bhulabhai J. Desai, 1934-38. (Record no. 79629)

MARC details
000 -LEADER
fixed length control field 00523nam a22001811 4500
001 - CONTROL NUMBER
control field sa 68003632
003 - CONTROL NUMBER IDENTIFIER
control field DLC
005 - DATE AND TIME OF LATEST TRANSACTION
control field 20260227112454.0
008 - FIXED-LENGTH DATA ELEMENTS--GENERAL INFORMATION
fixed length control field 710903s1938 ii c 000 0aeng
010 ## - LIBRARY OF CONGRESS CONTROL NUMBER
LC control number sa 68003632
040 ## - CATALOGING SOURCE
Original cataloging agency DLC
Transcribing agency DLC
Modifying agency DLC
050 00 - LIBRARY OF CONGRESS CALL NUMBER
Classification number DS481.D37
Item number A5
100 1# - MAIN ENTRY--PERSONAL NAME
Personal name Desai, Bhulabhai Jivanji,
Dates associated with a name 1877-1946.
245 10 - TITLE STATEMENT
Title Speeches of Bhulabhai J. Desai, 1934-38.
260 ## - PUBLICATION, DISTRIBUTION, ETC.
Place of publication, distribution, etc. Madras,
Name of publisher, distributor, etc. G. A. Natesan,
Date of publication, distribution, etc. 1938.
300 ## - PHYSICAL DESCRIPTION
Extent 2, x, 615 p.
Other physical details port.
Dimensions 25 cm.
600 10 - SUBJECT ADDED ENTRY--PERSONAL NAME
Personal name Desai, Bhulabhai Jivanji,
Dates associated with a name 1877-1946.

No items available.

Powered by Koha